Catálogo

TRATADO DE HISTOLOGIA (Registro nro. 23474)

Detalles MARC
000 -LEADER
fixed length control field 00513nam a2200193 a 4500
001 - CONTROL NUMBER
control field 23474
005 - DATE AND TIME OF LATEST TRANSACTION
control field 20180713221539.0
008 - FIXED-LENGTH DATA ELEMENTS--GENERAL INFORMATION
fixed length control field 140415s1981 mx 000 0 spa d
041 ## - LANGUAGE CODE
Language code of text/sound track or separate title spa
082 ## - DEWEY DECIMAL CLASSIFICATION NUMBER
Classification number 611.0181
Item number COP
100 1# - MAIN ENTRY--PERSONAL NAME
Personal name COPENHAVER, WILFRED M.
245 10 - TITLE STATEMENT
Title TRATADO DE HISTOLOGIA
250 ## - EDITION STATEMENT
Edition statement 1a ed.
260 ## - PUBLICATION, DISTRIBUTION, ETC.
Place of publication, distribution, etc. MEXICO :
Name of publisher, distributor, etc. NUEVA EDITORIAL INTERAMERICANA,
Date of publication, distribution, etc. 1981
300 ## - PHYSICAL DESCRIPTION
Extent 779
650 14 - SUBJECT ADDED ENTRY--TOPICAL TERM
Topical term or geographic name entry element HISTOLOGIA
700 1# - ADDED ENTRY--PERSONAL NAME
Personal name VELA, HOMERO
Relator term tr.
700 1# - ADDED ENTRY--PERSONAL NAME
Personal name KELLY, DOUGLAS E.
Relator term coaut.
Existencias
Withdrawn status Lost status Source of classification or shelving scheme Damaged status Not for loan Collection code Home library Current library Shelving location Date acquired Source of acquisition Inventory number Total Checkouts Full call number Barcode Date last seen Date last checked out Price effective from Koha item type
    Dewey Decimal Classification     General Biblioteca Karol Wojtyla Biblioteca Karol Wojtyla Sala general 03/12/2013 Compra 151000000000000000005122 3 611.0181 COP 443 05/01/2026 18/10/2019 03/12/2013 Libro